<?xml version="1.0" encoding="UTF-8"?>
<marc:record xmlns:marc="http://www.loc.gov/MARC21/slim">
   <marc:leader>00000nam a2200000 a 4500</marc:leader>
   <marc:datafield ind1="1" ind2=" " tag="100">
      <marc:subfield code="a">Lewis, C. S.</marc:subfield>
      <marc:subfield code="4">aut</marc:subfield>
      <marc:subfield code="e">Verfasser/-in</marc:subfield>
   </marc:datafield>
   <marc:datafield ind1="0" ind2="0" tag="245">
      <marc:subfield code="a">Det letzte Kampf</marc:subfield>
   </marc:datafield>
   <marc:datafield ind1=" " ind2="1" tag="264">
      <marc:subfield code="b">Ueberreuter</marc:subfield>
      <marc:subfield code="c">2014</marc:subfield>
   </marc:datafield>
   <marc:datafield ind1="1" ind2=" " tag="490">
      <marc:subfield code="a">Die Chroniken von Narnia</marc:subfield>
   </marc:datafield>
   <marc:datafield ind1="1" ind2=" " tag="520">
      <marc:subfield code="a">Es ist Narnias schwärzeste Stunde. Aslan hat die Herrschaft übernommen und befiehlt den Bewohnern Narnias für die grausamen Kalormenen zu arbeiten. König Tirian erkennt, dass es gar nicht Aslan ist und ruft Eustace und Jill zu Hilfe, damit sie den wahren Aslan finden und seinem Land den Frieden bringen. Zusammen stehen sie vor ihrem schwersten Kampf.</marc:subfield>
   </marc:datafield>
   <marc:datafield ind1="3" ind2=" " tag="024">
      <marc:subfield code="a">9783764170257</marc:subfield>
   </marc:datafield>
</marc:record>
